Chemical engineering kinetics (Record no. 6589)

000 -LEADER
fixed length control field 00510nam a2200193 4500
001 - CONTROL NUMBER
control field 6589
003 - CONTROL NUMBER IDENTIFIER
control field BD-DhUET
008 - FIXED-LENGTH DATA ELEMENTS--GENERAL INFORMATION
fixed length control field 700825s1970 nyua b 001 0 eng
040 ## - CATALOGING SOURCE
Transcribing agency 0
Modifying agency BD-DhUET
Original cataloging agency DLC
082 00 - DEWEY DECIMAL CLASSIFICATION NUMBER
Classification number 541.39
Item number SMI/1970
100 ## - MAIN ENTRY--PERSONAL NAME
Personal name Smith, J. M.
245 10 - TITLE STATEMENT
Title Chemical engineering kinetics
250 ## - EDITION STATEMENT
Edition statement 2nd ed.
260 ## - PUBLICATION, DISTRIBUTION, ETC. (IMPRINT)
Place of publication, distribution, etc. New York
Name of publisher, distributor, etc. McGraw-Hill
Date of publication, distribution, etc. 1970
300 ## - PHYSICAL DESCRIPTION
Extent xviii, 612p.
Other physical details ill.
490 0# - SERIES STATEMENT
Series statement McGraw-Hill chemical engineering series
650 #0 - SUBJECT ADDED ENTRY--TOPICAL TERM
Topical term or geographic name as entry element Kinetics : Physical chemistry
942 ## - ADDED ENTRY ELEMENTS (KOHA)
Koha item type General Book
Holdings
Lost status Not for loan Shelving location Koha full call number Koha item type Copy number Piece designation (barcode) Koha normalized classification for sorting Location (home branch) Price effective from Sublocation or collection (holding branch) Withdrawn status Date acquired Source of classification or shelving scheme Koha date last seen Damaged status
  Circulation section541.39/SMI/1970General Book184576541_390000000000000_SMI_1970Central Library, BUET2014-12-04Central Library, BUET 2014-12-04 2014-12-04 
  Circulation section541.39/SMI/1970General Book229865541_390000000000000_SMI_1970Central Library, BUET2014-12-12Central Library, BUET 2014-12-12 2014-12-12 
  Circulation section541.39/SMI/1970General Book329867541_390000000000000_SMI_1970Central Library, BUET2014-12-12Central Library, BUET 2014-12-12 2014-12-12 
  Circulation section541.39/SMI/1970General Book429863541_390000000000000_SMI_1970Central Library, BUET2014-12-12Central Library, BUET 2014-12-12 2014-12-12 
  Circulation section541.39/SMI/1970General Book529871541_390000000000000_SMI_1970Central Library, BUET2015-03-11Central Library, BUET 2015-03-11 2015-03-11 
  Circulation section541.39/SMI/1970General Book629868541_390000000000000_SMI_1970Central Library, BUET2015-03-14Central Library, BUET 2015-03-14 2015-03-14 
  Circulation section541.39/SMI/1970General Book737045541_390000000000000_SMI_1970Central Library, BUET2015-03-14Central Library, BUET 2015-03-14 2015-03-14 
  Circulation section541.39/SMI/1970General Book829869541_390000000000000_SMI_1970Central Library, BUET2015-04-23Central Library, BUET 2015-04-23 2015-04-23 
  Circulation section541.39/SMI/1970General Book929859541_390000000000000_SMI_1970Central Library, BUET2015-04-23Central Library, BUET 2015-04-23 2015-04-23 
  Circulation section541.39/SMI/1970General Book1029870541_390000000000000_SMI_1970Central Library, BUET2015-04-26Central Library, BUET 2015-04-26 2015-04-26 
  Circulation section541.39/SMI/1970General Book1129861541_390000000000000_SMI_1970Central Library, BUET2015-04-26Central Library, BUET 2015-04-26 2015-04-26 
  Circulation section541.39/SMI/1970General Book1225967541_390000000000000_SMI_1970Central Library, BUET2015-04-27Central Library, BUET 2015-04-27 2015-04-27 
  Circulation section541.39/SMI/1970General Book1329860541_390000000000000_SMI_1970Central Library, BUET2015-04-27Central Library, BUET 2015-04-27 2015-04-27 
  Reading section541.39/SMI/1970Reading Item1429862541_390000000000000_SMI_1970Central Library, BUET2015-06-08Central Library, BUET 2015-06-08 2015-06-08 
  Reading section541.39/SMI/1970Reading Item1529866541_390000000000000_SMI_1970Central Library, BUET2015-06-08Central Library, BUET 2015-06-08 2015-06-08 
  Reading section541.39/SMI/1970Reading Item1629872541_390000000000000_SMI_1970Central Library, BUET2015-06-08Central Library, BUET 2015-06-08 2015-06-08 
  Reading section541.39/SMI/1970Reading Item1729864541_390000000000000_SMI_1970Central Library, BUET2015-06-08Central Library, BUET 2015-06-08 2015-06-08